<?xml version="1.0" encoding="UTF-8"?>
<record
    xmlns:xsi="http://www.w3.org/2001/XMLSchema-instance"
    xsi:schemaLocation="http://www.loc.gov/MARC21/slim http://www.loc.gov/standards/marcxml/schema/MARC21slim.xsd"
    xmlns="http://www.loc.gov/MARC21/slim">

  <leader>00533nam a2200157 i 4500</leader>
  <controlfield tag="001">26678</controlfield>
  <controlfield tag="003">ES-MaACL</controlfield>
  <controlfield tag="005">20230906153501.0</controlfield>
  <controlfield tag="007">t|</controlfield>
  <controlfield tag="008">030110s1972    sp           ||||1| spa d</controlfield>
  <datafield tag="110" ind1="2" ind2=" ">
    <subfield code="a">Comisi&#xF3;n de Seguridad en la Industria Siderometal&#xFA;rgica. </subfield>
    <subfield code="b">Asamblea Anual (</subfield>
    <subfield code="n">10a. </subfield>
    <subfield code="d">1972. </subfield>
    <subfield code="c">Bilbao)</subfield>
    <subfield code="9">3026</subfield>
  </datafield>
  <datafield tag="245" ind1="1" ind2="0">
    <subfield code="a">X Asamblea anual de la C.S.I.S. </subfield>
    <subfield code="b">: 22-24 mayo.</subfield>
  </datafield>
  <datafield tag="260" ind1=" " ind2=" ">
    <subfield code="a">[S.l. : </subfield>
    <subfield code="b">s.n., </subfield>
    <subfield code="c">1972] (</subfield>
    <subfield code="e">Oviedo : </subfield>
    <subfield code="f">Gr&#xE1;f. Summa)</subfield>
  </datafield>
  <datafield tag="300" ind1=" " ind2=" ">
    <subfield code="a">311 p. : </subfield>
    <subfield code="b">il. ; </subfield>
    <subfield code="c">28 cm.</subfield>
  </datafield>
  <datafield tag="852" ind1=" " ind2=" ">
    <subfield code="a">ES-MaACL</subfield>
    <subfield code="j">C-43982 </subfield>
    <subfield code="b">R.83746</subfield>
  </datafield>
  <datafield tag="999" ind1=" " ind2=" ">
    <subfield code="c">26678</subfield>
    <subfield code="d">26678</subfield>
  </datafield>
  <datafield tag="952" ind1=" " ind2=" ">
    <subfield code="0">0</subfield>
    <subfield code="1">0</subfield>
    <subfield code="2">udc</subfield>
    <subfield code="4">0</subfield>
    <subfield code="7">0</subfield>
    <subfield code="a">ATENEOM</subfield>
    <subfield code="b">ATENEOM</subfield>
    <subfield code="c">DEPO2</subfield>
    <subfield code="d">2008-01-17</subfield>
    <subfield code="l">0</subfield>
    <subfield code="o">C-43982</subfield>
    <subfield code="p">1027531</subfield>
    <subfield code="r">2023-02-23 00:00:00</subfield>
    <subfield code="w">2023-02-23</subfield>
    <subfield code="y">MONOGRAFIA</subfield>
  </datafield>
</record>
